Capitales sans les lettres de "Rome" - Statistiques

Statistiques générales
  • Ce quiz a été pris 13 fois
  • Le résultat moyen est 14 sur 28
Statistiques - réponses
Continents Capitales % Correct
Afrique Tunis
91%
Europe Vilnius
82%
Europe Tallinn
73%
Europe Dublin
64%
Afrique Kinshasa
64%
Europe Ljubljana
64%
Océanie Apia
55%
Asie Bagdad
55%
Afrique Bissau
55%
Asie Dili
55%
Afrique Kigali
55%
Afrique Luanda
55%
Océanie Suva
55%
Afrique Abuja
45%
Asie Astana
45%
Afrique Bangui
45%
Europe Chisinau
45%
Amérique du Nord Nassau
45%
Asie Sanaa
45%
Europe Vatican
45%
Asie Achgabat
36%
Afrique Banjul
36%
Afrique Lusaka
36%
Europe Vaduz
36%
Asie Dacca
27%
Océanie Funafuti
27%
Asie Naypyidaw
27%
Asie Tbilissi
27%
Aucun quiz correspondant
Distribution des résultats
% des personnes avec chaque résultat
Percentile par nombre de réponses
Votre historique - résultats
Vous n’avez pas pris ce quiz